00469nam a2200121Ia 4500008004100000024005200041082001700093100009200110245006000202260002500262600002700287650003300314250506s9999 xx 000 0 und d a12B-64-EL, 12B-78-EL, 12B-79-EL & 12B-80-EL a621.3072 MUH aMuhammad Muzzamil Ejaz, Wasiq Shaikh, Muhammad Arsalan Arshad & Muhammad Rizwan Kamleen 0aTo Reduce the Moisture in Coal for Fine Burning Purpose aKarachi:bUIT,c2012 aElectrical Engineering aBachelor of Engineering (BE)